[Event "Avoine op 26th"]
[Site "Avoine"]
[Date "2011.07.23"]
[Round "1"]
[White "Mammeri, Amine"]
[Black "Cole, Sebastien"]
[Result "1-0"]
[WhiteElo "2108"]
[BlackElo "1935"]
[PlyCount "53"]
[EventDate "2011.07.23"]
[EventType "swiss"]
[EventRounds "9"]
[EventCountry "FRA"]
[SourceTitle "EXT 2012"]
[Source "ChessBase"]
[SourceDate "2011.11.24"]
[SourceVersion "1"]
[SourceVersionDate "2011.11.24"]
[SourceQuality "1"]

1. d4 Nf6 2. c4 g6 3. Nc3 d5 4. cxd5 Nxd5 5. e4 Nxc3 6. bxc3 Bg7 7. f4 c5 8. Bb5+ Bd7 9. Bxd7+ Nxd7 10. Nf3 Qa5 11. Bd2 cxd4 12. cxd4 Qa6 13. Qe2 Qxe2+ 14. Kxe2 Rc8 15. Rab1 b6 16. e5 0-0 17. Rhc1 Rfd8 18. Bb4 Bf8 19. Ng5 Nb8 20. Ba3 Kg7 21. e6 f6 22. Nf3 Na6 23. g4 f5 24. gxf5 gxf5 25. Nh4 Kf6 26. d5 Kg7 27. Rg1+ 1-0

[Event "Plancoet op 4th"]
[Site "Plancoet"]
[Date "2004.07.26"]
[Round "2"]
[White "Cole, Sebastien"]
[Black "Tripoteau, Nicolas"]
[Result "0-1"]
[WhiteElo "2015"]
[BlackElo "2301"]
[PlyCount "80"]
[EventDate "2004.07.25"]
[EventType "swiss"]
[EventRounds "9"]
[EventCountry "FRA"]
[SourceTitle "CBM 101 Extra"]
[Source "ChessBase"]
[SourceDate "2004.09.01"]
[SourceVersion "2"]
[SourceVersionDate "2004.09.01"]
[SourceQuality "1"]

1. e4 d5 2. exd5 Qxd5 3. d4 Nc6 4. Be3 e5 5. Nf3 Bg4 6. Be2 0-0-0 7. dxe5 Bxf3 8. Bxf3 Qxe5 9. Nd2 Bc5 10. Bxc6 Bxe3 11. Bxb7+ Kb8 12. fxe3 Qxe3+ 13. Qe2 Qxe2+ 14. Kxe2 Kxb7 15. Nc4 Rd4 16. b3 Nf6 17. Rad1 Re4+ 18. Kf3 Rhe8 19. Rd2 g5 20. g3 g4+ 21. Kf2 Rxc4 22. bxc4 Ne4+ 23. Ke3 Nxg3+ 24. Kf4 Nxh1 25. Kxg4 Kc6 26. Kf3 Re1 27. Kg2 Ra1 28. h4 a5 29. h5 a4 30. c3 a3 31. Re2 Rb1 32. Re5 Rb2+ 33. Kxh1 Rxa2 34. Ra5 Ra1+ 35. Kg2 a2 36. h6 Kb6 37. Ra3 Kc5 38. Ra4 f5 39. Ra7 Kb6 40. Ra4 f4 0-1

[Event "Paris op-A"]
[Site "Paris"]
[Date "2003.??.??"]
[Round "5"]
[White "Cole, Sebastien"]
[Black "Pernet, Roger"]
[Result "1-0"]
[WhiteElo "2000"]
[BlackElo "1995"]
[PlyCount "47"]
[EventDate "2003.07.05"]
[EventType "swiss"]
[EventRounds "9"]
[EventCountry "FRA"]
[SourceTitle "EXT 2005"]
[Source "ChessBase"]
[SourceDate "2004.11.15"]
[SourceVersion "1"]
[SourceVersionDate "2004.11.15"]
[SourceQuality "1"]

1. e4 c5 2. Nf3 d6 3. c3 Nf6 4. h3 Nc6 5. Bd3 g6 6. Bc2 Bg7 7. d4 cxd4 8. Nxd4 Bd7 9. 0-0 a6 10. Be3 Qc7 11. Nd2 e5 12. N4f3 d5 13. Re1 dxe4 14. Bxe4 Nxe4 15. Nxe4 0-0 16. Qb3 Be6 17. Bb6 Bxb3 18. Bxc7 Bd5 19. Nc5 Bxf3 20. gxf3 Rfe8 21. Rad1 b5 22. Rd7 Ra7 23. Red1 f5 24. R1d6 1-0